Responses for show #4074 - Thursday, April 25, 2002

Contestants

Ben Sternberg, an investment banker from San Francisco, California

Ellen Green, a freelance tutor from San Diego, California

Nathan Chan, a software tester from Bellevue, Washington (whose 2-day cash winnings total $17,400)

Jeopardy! Round responses

FUN WITH "FUN"
MADE IN TAIWAN
NETWORKING
GOOD EATS
IT'S A BOY!
IT'S A GIRL!
    $200 2
funds

Nathan
    $200 1
United Nations

Ellen
    $200 30
(Alex: You're right. I have a feeling that Ben watches a lot of cable TV when he's sitting alone at home.)

VH1

Ellen
    $200 11
kiss

Ben
    $200 16
King Tut

Ellen
    $200 21
(Little) Red Riding Hood

Nathan
    $400 3
Fundamentalists

Ben
    $400 7
Little League World Series

Nathan
    $400 26
(Alex: [A few moments after reading the clue when no one was ringing in] You have to identify the network on which these shows appear.)

the History Channel

Ben
    $400 12
salsa

Ben
    $400 17
Robin

Nathan
    $400 22
(Ellen: Who is Dorothy?)

The Wizard of Oz

NathanEllen
    $600 4
refund

Ben
    $600 8
(Ben: What's Russia?)

Japan

Ben
Triple Stumper
    $600 27
Cartoon Network

Ben
    $600 13
salmon

Ben
    $600 18
(Alex: How about that!)
[During the interview segment Ben had mentioned singing that song.]

"A Boy Named Sue"

Ben
    $600 23
Carrie

Ellen
    $800 5
funnel

Nathan
    $800 9
Taipei

Nathan
    $800 28
E!

Ben
    $800 14
al dente

Ellen
    $800 19
Father Flanagan

Ellen
    $800 24
Pippi Longstocking

Ben
    $1000 6
(Ben: What's a profundus?)

basso profundo

Ben
Triple Stumper
    $1000 10
(Nathan: What is Eat Drink Man Woman?)

The Wedding Banquet

Nathan
Triple Stumper
    $1000 29
Showtime

Ben
    $1000 15
monte cristo

Ellen
    $1000 20
[After reading the clue, Alex says "Look at me" and puts his hands to his cheeks while making a screaming face.]
(Nathan: Who is--oh, what's his name?)
(Alex: Yeah. That's what we want to know. Anybody else?)

Macaulay Culkin

NathanBen
    $1,200 25
(Ben: What is The Heart is a Lonely Hunter?)
...
(Alex: All right, we have
a minute to go.)

To Kill a Mockingbird

Ben

Scores at the first commercial break (after clue 15):

Nathan Ellen Ben
$1,200 $2,000 $600

Scores at the end of the Jeopardy! Round:

Nathan Ellen Ben
$1,200 $3,400 $4,600

Double Jeopardy! Round responses

POPE-POURRI
GAMES PEOPLE PLAY
THE 50 STATES
THEY LIVED PAST 100
OH MY GODS!
OH, MY "LORD"!
    $400 6
Rome

Ellen
    $400 9
Clue

Ben
    $400 1
California

Ben
    $400 25
Oslo

Ben
    $400 16
Moses

Ellen
    $400 21
the Lord's Prayer

Ellen
    $800 7
(Nathan: What is the Great?)

hermit

NathanBen
    $800 10
Life

Ben
    $800 2
Nevada

Ben
    $800 26
cross-country skiing

Nathan
    $800 17
Zeus

Nathan
    $2,000 22
(Ellen: Who is Sauron?)

Lord of the Rings

Ellen
    $1200 8
John

Ben
    $1200 11
mah-jongg

Ben
    $1200 3
Maine

Ellen
    $1200 28
Rose Kennedy

Ellen
    $1200 18
(Ben: What is Africa?)
(Ellen: What is Europe?)
...
(Alex: In the southwest U.S.)

North America

EllenBen
Triple Stumper
    $1200 23
Lord Jim

Ben
    $1600 14
Cornelius

Triple Stumper
    $1600 12
0 & 00

Nathan
    $2,000 4
(Ellen: What is... what is New York?)

New Jersey

Ellen
    $1600 29
the Queen Mother

Ben
    $1600 19
Kali

Triple Stumper
    $1600 24
Lord Haw-Haw

Triple Stumper
    $2000 15
Avignon

Ben
    $2000 13
Mille Bornes

Nathan
    $2000 5
New Mexico

Triple Stumper
    $2000 20
Balder

Triple Stumper
    $2000 27
(Nathan: What is Lord Protectorate?)
(Alex: Right--no.)

Lord Protector

NathanBen

Scores at the end of the Double Jeopardy! Round:

Nathan Ellen Ben
$3,600 $1,800 $16,200
(lock game)

[wagering suggestions for these scores]

Final Jeopardy! Round responses

THE HOLLYWOOD WALK OF FAME
EllenWho is Big Bird?
$1,799
NathanWho is Tweety?
$0
BenWho is Big Bird?
$5,000
(1 of) Big Bird or Woody Woodpecker

Final scores:

Nathan Ellen Ben
$3,600 $3,599 $21,200
2nd place: trip to the Grenadines & stay at Palm Island 3rd place: trip to San Francisco by Yahoo! Travel New champion: $21,200

Game dynamics:

Coryat scores:

Nathan Ellen Ben
$3,600 $5,800 $17,400
11 R,
4 W
12 R,
4 W
(including 2 DDs)
24 R,
4 W
(including 1 DD)

Combined Coryat: $26,800

The J! Archive is created by fans, for fans. The Jeopardy! game show and all elements thereof, including but not limited to copyright and trademark thereto, are the property of Jeopardy Productions, Inc. and are protected under law. This website is not affiliated with, sponsored by, or operated by Jeopardy Productions, Inc. Join the discussion at JBoard.tv.